=LDR 00000nam 2200000 4500 =001 NUTBA000000000001481 =005 20140429111854.0 =006 =007 =008 =020 ##$$a 9789792790276 =035 ##$$a 0010-041400000000751 =082 ##$$a 131-Roz-t =100 ##$$a Zuhud Rozaki =245 ##$$a The big 4 in life =260 ##$$a Jakarta $b Elex Media Komputindo $c 2011 =300 ##$$a xii, 254 hlm $b ilus $c 21 cm =990 ##$$a 21195444/BPAP-NTB/2014